|
|
|
|
| LEADER |
00000nam0a2200000 4500 |
| 001 |
167592 |
| 005 |
20231101222712.0 |
| 010 |
|
|
|a 9785947745467
|
| 010 |
|
|
|a 978-5-9556-00710
|
| 035 |
|
|
|a (RuTPU)RU\TPU\book\181815
|
| 090 |
|
|
|a 167592
|
| 100 |
|
|
|a 20091016d2007 m y0rusy50 ca
|
| 101 |
0 |
|
|a rus
|
| 102 |
|
|
|a RU
|
| 105 |
|
|
|a a j 001zy
|
| 200 |
1 |
|
|a Параллельные информационные технологии
|e учебное пособие
|f А. Б. Барский
|
| 210 |
|
|
|a Москва
|c Бином ЛЗ
|d 2007
|
| 215 |
|
|
|a 503 с.
|c ил.
|
| 225 |
1 |
|
|a Основы информационных технологий
|
| 320 |
|
|
|a Библиогр.: с. 500-502.
|
| 330 |
|
|
|a Рассматриваются параллельные архитектуры вычислительных систем и организация параллельных вычислительных процессов. На основе обобщения приёмов распараллеливания утверждается идея их распространения на решение широкого класса задач исследования операций. Приводятся методы параллельного и распределённого решения оптимизационных задач высокой сложности, способы организации статического и динамического планирования работ, способы организации параллельных управляющих вычислительных процессов, методы повышения эффективности сетевых баз данных, параллельные методы решения информационно-логических задач. Для студентов старших курсов технических и экономических вузов, аспирантов и инженеров-исследователей в области современных информационных технологий, лежащих в основе параллельных архитектур вычислительных средств, в области оптимизации параллельных вычислительных процессов в системах управления и планирования.
|
| 606 |
1 |
|
|a Вычислительные системы параллельные
|x Программирование
|2 stltpush
|3 (RuTPU)RU\TPU\subj\4401
|9 32680
|
| 610 |
1 |
|
|a микропроцессорные системы
|
| 610 |
1 |
|
|a распараллеливание
|
| 610 |
1 |
|
|a исполнительные устройства
|
| 610 |
1 |
|
|a аппаратная поддержка
|
| 610 |
1 |
|
|a оптимальность
|
| 610 |
1 |
|
|a нейросети
|
| 610 |
1 |
|
|a расчет
|
| 610 |
1 |
|
|a оптимальное программирование
|
| 610 |
1 |
|
|a SPLD-технология
|
| 610 |
1 |
|
|a параллельные процессы
|
| 610 |
1 |
|
|a организация
|
| 610 |
1 |
|
|a синхронизация
|
| 610 |
1 |
|
|a GRID-технологии
|
| 610 |
1 |
|
|a учебные пособия
|
| 675 |
|
|
|a 681.324.01(075.8)
|v 3
|
| 700 |
|
1 |
|a Барский
|b А. Б.
|g Аркадий Бенционович
|
| 801 |
|
1 |
|a RU
|b 63413507
|c 20091016
|
| 801 |
|
2 |
|a RU
|b 63413507
|c 20100917
|g RCR
|
| 942 |
|
|
|c BK
|
| 959 |
|
|
|a 107/20091016
|d 1
|e 0
|f ЧЗТЛ:1
|